01173nam a22002177a 4500003000400000005001700004008004100021020001800062040001400080041000800094082001300102100002800115245001100143264004700154300006400201521057100265650003600836650002100872650003600893700002600929OSt20240919152341.0240919b ||||| |||| 00| 0 spa d a9788437609102 cCO-Mq BPB aspa aAPbVALt aVallejo, CésareAutor aTrilce aMadrid, España:bEdiciones Catedrac2003 a389 páginasbTapa rustica, imagen a blanco y negroc18 cm a"Trilce" (Lima, 1922) es el libro más radical de la poesía escrita en lengua castellana, surgido al comienzo del cambio estético que atraviesan las vanguardias de su tiempo. Dos características definen esencialmente a "Trilce": "difícil", por su escritura hermética y por la tendencia del poema a borrar sus referentes, y "demandante", porque exige al lenguaje decirlo todo nuevo, como si nada estuviese dicho. Nuestra edición establece el texto fidedigno y más solvente, a la vez que hace la historia crítica y comentada de cada uno de los poemas. aPoesía de poetas individuales aEscritor peruano aPoesía universal del siglo XX aOrtega, JulioeEditor